<?xml version="1.0" encoding="UTF-8"?>
<record
    xmlns:xsi="http://www.w3.org/2001/XMLSchema-instance"
    xsi:schemaLocation="http://www.loc.gov/MARC21/slim http://www.loc.gov/standards/marcxml/schema/MARC21slim.xsd"
    xmlns="http://www.loc.gov/MARC21/slim">

  <leader>01658cam a2200277 a 4500</leader>
  <controlfield tag="001">2844</controlfield>
  <controlfield tag="005">20250723154557.0</controlfield>
  <datafield tag="020" ind1=" " ind2=" ">
    <subfield code="a">9780764140112</subfield>
  </datafield>
  <datafield tag="040" ind1=" " ind2=" ">
    <subfield code="a">DLC</subfield>
    <subfield code="c">DLC</subfield>
    <subfield code="d">DLC</subfield>
    <subfield code="b">eng</subfield>
  </datafield>
  <datafield tag="050" ind1="0" ind2="0">
    <subfield code="a">PN6737.M34</subfield>
    <subfield code="b"> 2009</subfield>
  </datafield>
  <datafield tag="082" ind1=" " ind2=" ">
    <subfield code="a">741.5</subfield>
  </datafield>
  <datafield tag="100" ind1="1" ind2=" ">
    <subfield code="a">Bronte, Charlotte </subfield>
    <subfield code="d">1958-</subfield>
  </datafield>
  <datafield tag="245" ind1="1" ind2="0">
    <subfield code="a">Jane Eyre /</subfield>
    <subfield code="c">Bornete, Charlotte </subfield>
  </datafield>
  <datafield tag="250" ind1=" " ind2=" ">
    <subfield code="a">Pritned and bound in China </subfield>
  </datafield>
  <datafield tag="260" ind1=" " ind2=" ">
    <subfield code="a">New York : </subfield>
    <subfield code="b">Barrons Educational Series,</subfield>
    <subfield code="c">2009</subfield>
  </datafield>
  <datafield tag="300" ind1=" " ind2=" ">
    <subfield code="a">48 pages : </subfield>
    <subfield code="b">color illustrations ; </subfield>
    <subfield code="c">27 cm.</subfield>
  </datafield>
  <datafield tag="490" ind1="0" ind2=" ">
    <subfield code="a"> Barron's Graphic Classics</subfield>
  </datafield>
  <datafield tag="505" ind1=" " ind2=" ">
    <subfield code="a">W 
</subfield>
  </datafield>
  <datafield tag="520" ind1=" " ind2=" ">
    <subfield code="a">Widely considered to be one of the greatest novels in the English language, Charlotte Bronte's semi-autobiographical epic masterpiece is brought to life in one concise volume. The classic story of a strong-willed woman growing up in 19th Century England is presented as an exciting and fast-paced graphic novel which remains faithful to Bronte's original text. Specially commissioned full-colour artwork brings excitement and atmosphere to this stirring tale. Speech bubbles work with the main text to emphasise and enhance the retelling. A running glossary at the foot of each page helps young readers with any challenging vocabulary without disrupting their reading experience. End matter provides information about the author, the historical background to the period in which the author lived and a timeline of world events that places the work in its historical context.</subfield>
  </datafield>
  <datafield tag="521" ind1=" " ind2=" ">
    <subfield code="a">870 
</subfield>
    <subfield code="b">Lexile 
</subfield>
  </datafield>
  <datafield tag="521" ind1=" " ind2=" ">
    <subfield code="a">W 
</subfield>
    <subfield code="b">Raz-Plus 
</subfield>
  </datafield>
  <datafield tag="655" ind1=" " ind2="0">
    <subfield code="a">Graphic novels.</subfield>
  </datafield>
  <datafield tag="700" ind1="1" ind2="2">
    <subfield code="a">Gelev ,Penko</subfield>
    <subfield code="t">Jane Eyre.</subfield>
  </datafield>
  <datafield tag="906" ind1=" " ind2=" ">
    <subfield code="a">7</subfield>
    <subfield code="b">cbc</subfield>
    <subfield code="c">orignew</subfield>
    <subfield code="d">2</subfield>
    <subfield code="e">epcn</subfield>
    <subfield code="f">20</subfield>
    <subfield code="g">y-gencatlg</subfield>
  </datafield>
  <datafield tag="942" ind1=" " ind2=" ">
    <subfield code="2">ddc</subfield>
    <subfield code="c">BK</subfield>
    <subfield code="n">0</subfield>
  </datafield>
  <datafield tag="999" ind1=" " ind2=" ">
    <subfield code="c">2844</subfield>
    <subfield code="d">2844</subfield>
  </datafield>
  <datafield tag="952" ind1=" " ind2=" ">
    <subfield code="0">0</subfield>
    <subfield code="1">0</subfield>
    <subfield code="2">ddc</subfield>
    <subfield code="4">0</subfield>
    <subfield code="7">0</subfield>
    <subfield code="8">FIC</subfield>
    <subfield code="a">002</subfield>
    <subfield code="b">002</subfield>
    <subfield code="c">SBS</subfield>
    <subfield code="d">2024-01-17</subfield>
    <subfield code="l">0</subfield>
    <subfield code="o">BRO 741.5 PN6737.M34</subfield>
    <subfield code="p">2024-0042</subfield>
    <subfield code="r">2024-01-17 10:44:03</subfield>
    <subfield code="t">1</subfield>
    <subfield code="w">2024-01-17</subfield>
    <subfield code="y">BK</subfield>
  </datafield>
  <datafield tag="952" ind1=" " ind2=" ">
    <subfield code="0">0</subfield>
    <subfield code="1">0</subfield>
    <subfield code="2">ddc</subfield>
    <subfield code="4">0</subfield>
    <subfield code="7">0</subfield>
    <subfield code="8">FIC</subfield>
    <subfield code="a">001</subfield>
    <subfield code="b">001</subfield>
    <subfield code="c">ATKSF</subfield>
    <subfield code="d">2025-04-21</subfield>
    <subfield code="l">0</subfield>
    <subfield code="o">BRO 741.5 PN6737.M34</subfield>
    <subfield code="p">2025-1060</subfield>
    <subfield code="r">2025-04-21 09:22:11</subfield>
    <subfield code="t">2</subfield>
    <subfield code="w">2025-04-21</subfield>
    <subfield code="y">BK</subfield>
  </datafield>
  <datafield tag="952" ind1=" " ind2=" ">
    <subfield code="0">0</subfield>
    <subfield code="1">0</subfield>
    <subfield code="2">ddc</subfield>
    <subfield code="4">0</subfield>
    <subfield code="7">0</subfield>
    <subfield code="8">FIC</subfield>
    <subfield code="a">001</subfield>
    <subfield code="b">001</subfield>
    <subfield code="c">ATKSF</subfield>
    <subfield code="d">2025-07-23</subfield>
    <subfield code="l">0</subfield>
    <subfield code="o">BRO 741.5 PN6737.M34</subfield>
    <subfield code="p">2025-2795</subfield>
    <subfield code="r">2025-07-23 15:45:49</subfield>
    <subfield code="t">3</subfield>
    <subfield code="w">2025-07-23</subfield>
    <subfield code="y">BK</subfield>
  </datafield>
</record>
